Real Estate Principles : A Value Approach

Real Estate Principles: A Value Approach demonstrates how value is central to virtually all real estate decision-making. Students using Ling and Archer should finish the course with a value-oriented framework and a set of valuation and decision making tools that can be applied in a variety of real-w...

ver descrição completa

Na minha lista:
Detalhes bibliográficos
Autor principal: Ling, David C.
Formato: Livro
Idioma:Undetermined
Publicado em: New York : McGraw Hill Irwin, 2013
Assuntos:
Tags: Adicionar Tag
Sem tags, seja o primeiro a adicionar uma tag!
Thư viện lưu trữ: Trung tâm Học liệu Trường Đại học Cần Thơ
LEADER 01096nam a2200229Ia 4500
001 CTU_188906
008 210402s9999 xx 000 0 und d
020 |c 4280000 
082 |a 333.332 
082 |b L755 
100 |a Ling, David C. 
245 0 |a Real Estate Principles : 
245 2 |b A Value Approach 
245 0 |c David C. Ling, Wayne R. Archer 
260 |a New York : 
260 |b McGraw Hill Irwin, 
260 |c 2013 
520 |a Real Estate Principles: A Value Approach demonstrates how value is central to virtually all real estate decision-making. Students using Ling and Archer should finish the course with a value-oriented framework and a set of valuation and decision making tools that can be applied in a variety of real-world situations. The key to making sound investment decision is to understand how property values are created, maintained, increased or destroyed. 
650 |a Real estate business,Kinh doanh bất động sản 
650 |z United States,Hoa Kỳ 
904 |i Anh Đào,Hải 
980 |a Trung tâm Học liệu Trường Đại học Cần Thơ